| 000 | 00556pab a2200181 454500 | ||
|---|---|---|---|
| 008 | 180718b1999 xxu||||| |||| 00| 0 eng d | ||
| 100 | _aRoett, Riordan | ||
| 245 | _aThe global economic crisis, contagion, and institutions: new realities in Latin America and Asia | ||
| 260 | _c1999 | ||
| 300 | _ap.271-83 | ||
| 362 | _aJul | ||
| 650 | _aEconomic recession - Asia | ||
| 650 | _aEconomic recession - Latin America | ||
| 650 | _aEconomic recession | ||
| 700 | _aCrandall, Russell | ||
| 773 | _aInternational Political Science Review | ||
| 909 | _a41428 | ||
| 999 |
_c41428 _d41428 |
||